000 01011nam a22002537a 4500
001 1191
005 20230808084907.0
008 230808b cb ||||| |||| 00| 0 eng d
020 _a9780516262574
040 _aFISKH
_beng
_cFISKH
_dFISKH
050 _aGB2403.8.F69
082 _a551.34
100 _aFowler, Allan
245 _aIcebergs, Ice Caps, and Glaciers
_cBy Allan Fowler
260 _aNew York :
_bChildren's Press,
_c1997.
300 _a31 pages :
_c18 cm.
520 _aDiscover the characteristics, size, and movement of icebergs, ice caps, and glaciers.The natural world comes alive for young readers (Ages 6-7) with Rookie Read-About "RM" Science! With striking, full-color photos and just the right amount of text, this series immediately involves young readers as they discover intriguing facts about the fascinating world around them.
521 _a580
_bLexile
521 _aK
_bRaz-Plus
650 _2Icebergs
650 _2Glaciers,
650 _2Ice Caps
942 _2ddc
_cBK
_n0
999 _c1191
_d1191